000 00464nam a2200157Ia 4500
008 210716s2013 xx 000 0 und d
020 _a9788126531288
041 _aeng
082 _a658.404 FINJ
100 _aFinnerty, John D.
245 _aProject financing: asset based financial engineering.
_bAsset based financial engineering.
250 _a3
260 _aNew Delhi
_bWiley India Pvt Ltd
_c2013
300 _axvi,543/2016
650 _aProject Management
999 _c209967
_d209967